000 nam a22 7a 4500
999 _c30195
_d30195
008 190412b xxu||||| |||| 00| 0 eng d
020 _a0974821705
050 _aTT 515 .C56 2004
245 _aClotilde's sew smart :
_bhow to achieve the look of expensive ready-to-wear /
260 _aDRG Texas :
_bDRGbooksonline.com ,
_c2004.
300 _aVarious paging :
_bill. (col)
_c28cm.
500 _aInclude index.
650 _aSewing.
942 _2lcc
_cBOOKS